000
00258nam a2200109Ia 4500
008
220204s9999 xx 000 0 und d
082
_a
820 VIRG
_b
VIR
100
_a
Virgil
245
0
_a
Poems of virgil
260
_a
Chicago
_b
William Benton
_c
1952
942
_c
BK
999
_c
36140
_d
36140